Explorando las encuestas. La encuesta de tipo político y político-electoral /
Esta artículo analiza el proceso de un estudio de opinión político-electoral desde el punto de vista de las relaciones de contratación, elaboración, publicación, presentación e interpretación de la encuesta. El trabajo hace algunas reflexiones en torno a los responsables de las encuestas (empresas),...
Enregistré dans:
| Auteur principal: | |
|---|---|
| Format: | Texte |
| Sujets: | |
| Tags: |
Ajouter un tag
Pas de tags, Soyez le premier à ajouter un tag!
|
MARC
| LEADER | 00000 a a2200000 04500 | ||
|---|---|---|---|
| 001 | 7421 | ||
| 003 | |||
| 040 | |||
| 100 | |a Arias Ramírez, Bernal | ||
| 245 | |a Explorando las encuestas. La encuesta de tipo político y político-electoral / |c Bernal Arias Ramírez | ||
| 520 | |a Esta artículo analiza el proceso de un estudio de opinión político-electoral desde el punto de vista de las relaciones de contratación, elaboración, publicación, presentación e interpretación de la encuesta. El trabajo hace algunas reflexiones en torno a los responsables de las encuestas (empresas), los clientes, los medios de comunicación, los interesados, los comentaristas y al público en general. Concluye que la cobertura honesta y completa de encuestas que se realicen de manera profesional y publicadas de modo neutro en los medios de comunicación podría contribuir al fortalecimiento del proceso democràtico en Costa Rica y cualquier país del mundo./ICC/ | ||
| 650 | |a ENCUESTAS | ||
| 650 | |a ENTREVISTAS | ||
| 650 | |a POLITICA | ||
| 650 | |a ASPECTOS POLITICOS | ||
| 650 | |a PLURALISMO POLITICO | ||
| 650 | |a PARTICIPACION POLITICA | ||
| 650 | |a PARTIDOS POLITICOS | ||
| 650 | |a MEDIOS DE COMUNICACION | ||
| 650 | |a DERECHO | ||
| 650 | |a CIENCIA POLITICA | ||
| 650 | |a OPINION PUBLICA | ||
| 650 | |a ENCUESTAS DE OPINION PUBLICA | ||
| 650 | |a GOBIERNO | ||
| 650 | |a DEMOCRACIA | ||
| 773 | |g número 14; páginas 50-64 | ||
| 999 | |c 36816 |d 36816 | ||
